00355nam a22001457a 4500003000400000008004100004020001800045082001400063100002000077245003000097250001700127260004000144300000800184650001700192OSt220115b ||||| |||| 00| 0 eng d a81-8416-019-4 a615.1 GOP aGoyal, Ramesh K aPractical in Pharmacology a11th Edition aAhmedabadbB.S.Shah Prakashanc2013 a164 aPharmacology